000 00363nam a2200145 i 4500
001 bg
100 1 _aLASOCKA, Maria
245 0 _aTermodynamika stopów :
_bmateriały pomocnicze do ćwiczeń /
_cM. Lasocka.
260 _aWarszawa,
_c1984.
650 9 _aTermodynamika
040 _cBPK
041 _apol
942 _cKS
008 s pl f |000 0 pol
999 _c922
_d922
856 _uhttp://koha.tu.koszalin.pl/cgi-bin/koha/opac-detail.pl?biblionumber=922
_yKatalog online BPK